Souvenirs (Record no. 166430)

MARC details
000 -LEADER
campo de control de longitud fija 00727nam a22001935i 4500
001 - NÚMERO DE CONTROL
campo de control 166430
003 - IDENTIFICADOR DE NÚMERO DE CONTROL
campo de control ES-MaACL
005 - FECHA Y HORA DE LA ÚLTIMA TRANSACCIÓN
campo de control 20240126063023.0
008 - DATOS DE LONGITUD FIJA--INFORMACIÓN GENERAL
campo de control de longitud fija 050915s1887 fr | |||||||| ||fre d
040 ## - FUENTE DE CATALOGACIÓN
Centro catalogador/agencia de origen CAM
Lengua de catalogación spa
Centro/agencia transcriptor CAM
100 1# - ENTRADA PRINCIPAL--NOMBRE DE PERSONA
Nombre de persona Tolstói, Lev,
Fechas asociadas al nombre 1828-1910
9 (RLIN) 110489
245 10 - MENCIÓN DEL TÍTULO
Título Souvenirs
Resto del título : enfance, adolescence, jeunesse /
Mención de responsabilidad, etc. Comte Léon Tolstoï; ouvrage traduit du russe avec l'autorisation de l'auteur par Arvède Barine.
260 ## - PUBLICACIÓN, DISTRIBUCIÓN, ETC.
Lugar de publicación, distribución, etc. Paris :
Nombre del editor, distribuidor, etc. Librairie Hachette et C\pie\s,
Fecha de publicación, distribución, etc. 1887 (
Lugar de fabricación/manufactura Coulommiers :
Fabricante Typog. P. Brodard et Gallois)
300 ## - DESCRIPCIÓN FÍSICA
Extensión VI, 309 p. ;
Dimensiones 19 cm.
700 1# - ENTRADA AGREGADA--NOMBRE PERSONAL
Nombre de persona Barine, Arvède (
Fechas asociadas al nombre 1840-1908)
9 (RLIN) 125820
852 ## - LOCALIZACIÓN
Ubicación ES-MaACL
Número de control de estantería F-9739
Nota libre -- Rust.
Holdings
Estatus retirado Estado de pérdida Estado de daño No para préstamo Colección Biblioteca de origen Biblioteca actual Ubicación en estantería Fecha de adquisición Fuente de adquisición Total de préstamos Signatura topográfica completa Código de barras Visto por última vez Precio de reemplazo Tipo de ítem Koha
        Libros del s. XIX Biblioteca del Ateneo de Madrid Biblioteca del Ateneo de Madrid Sala Pecera Planta 2 17/01/2008     F-9739 1174551 23/02/2023 23/02/2023 Libro impreso antiguo